000 00437nam a2200181Ia 4500
001 3663
005 20260306145700.0
008 260306t2001||||xx |||||||||||||| ||spa||
041 _aESP
082 _a301.07
_bD45
100 _aDegregori, Carlos Iván
_eAUT
245 0 _aEnseñanza de antropología en el Perú
260 _c2001
300 _a92 páginas :
_c20 cm.
650 _aGEN
654 _aCHU
942 _cLIB
_dJUS
_fJUS
_2ddc
_n
999 _c3663
_d3663